| 000 | 00416pam a2200157 4500 | ||
|---|---|---|---|
| 999 |
_c1160 _d1160 |
||
| 020 | _a0023597003 | ||
| 050 | 0 | 0 |
_aQC21.2 _b.I55 |
| 100 | 1 | _aInman, Fred W. | |
| 245 | 1 | 0 |
_aContemporary physics _c[by] Fred W. Inman [and] Carl E. Miller. |
| 260 |
_aNew York, _bMacmillan _c[1975] |
||
| 300 |
_axiv, 556 p. _billus. _c24 cm. |
||
| 500 | _aincludes index | ||
| 650 | 0 | _aPhysics. | |
| 700 | 1 | _aMiller, Carl E., | |
| 942 | _cBK | ||